[Event "Palma de Mallorca op U2200"]
[Site "Palma de Mallorca"]
[Date "2013.01.12"]
[Round "1"]
[White "Porcel Jimenez, Ramon"]
[Black "Oliver Amengual, Adria"]
[Result "0-1"]
[WhiteElo "1447"]
[BlackElo "1931"]
[PlyCount "76"]
[EventDate "2013.01.12"]
[EventType "swiss"]
[EventRounds "9"]
[EventCountry "ESP"]
[SourceTitle "EXT 2014"]
[Source "ChessBase"]
[SourceDate "2013.11.20"]
[SourceVersion "1"]
[SourceVersionDate "2013.11.20"]
[SourceQuality "1"]

1. e4 c5 2. Nf3 d6 3. d4 cxd4 4. Nxd4 Nf6 5. Nc3 a6 6. Be3 e5 7. Nb3 Be6 8. Be2 Be7 9. 0-0 0-0 10. f4 exf4 11. Bxf4 Nc6 12. Be3 Ne5 13. Nd4 Rc8 14. Nxe6 fxe6 15. Qd4 Qc7 16. Qb6 Qxb6 17. Bxb6 Nc4 18. Bxc4 Rxc4 19. Rae1 Nd7 20. Bf2 Bf6 21. Re2 Be5 22. Rc1 Nf6 23. Bg3 Bxc3 24. bxc3 Rxe4 25. Rce1 d5 26. h3 Rxe2 27. Rxe2 Ne4 28. Be1 Rc8 29. Re3 Rc4 30. g4 Ra4 31. g5 Nxg5 32. Kg2 Rxa2 33. Re2 Ra4 34. Re5 h6 35. Bd2 Re4 36. Rxe4 Nxe4 37. Be1 Kf7 38. Kf3 Kf6 0-1

[Event "Mallorca-chC"]
[Site "Palma de Mallorca"]
[Date "2011.12.17"]
[Round "8"]
[White "Gallardo Pina, Neus"]
[Black "Oliver Amengual, Adria"]
[Result "1-0"]
[WhiteElo "1826"]
[BlackElo "1893"]
[PlyCount "37"]
[EventDate "2011.10.29"]
[EventType "swiss"]
[EventRounds "8"]
[EventCountry "ESP"]
[SourceTitle "EXT 2017"]
[Source "ChessBase"]
[SourceDate "2016.10.25"]
[SourceVersion "1"]
[SourceVersionDate "2016.10.25"]
[SourceQuality "1"]

1. b3 d5 2. Bb2 Nf6 3. e3 e6 4. f4 Be7 5. Nf3 0-0 6. Be2 c5 7. 0-0 Nc6 8. Bb5 Bd7 9. Bxc6 Bxc6 10. d3 Be8 11. Nbd2 Nd7 12. Ne5 f6 13. Ng4 Qc7 14. Rf3 f5 15. Rg3 fxg4 16. Qxg4 Bf6 17. Qxg7+ Bxg7 18. Rxg7+ Kh8 19. Rxd7+ 1-0

[Event "Mallorca-chC"]
[Site "Palma de Mallorca"]
[Date "2011.11.12"]
[Round "4"]
[White "Trillo Figueroa Vidal, Antonio"]
[Black "Oliver Amengual, Adria"]
[Result "0-1"]
[WhiteElo "1787"]
[BlackElo "1893"]
[PlyCount "70"]
[EventDate "2011.10.29"]
[EventType "swiss"]
[EventRounds "8"]
[EventCountry "ESP"]
[SourceTitle "EXT 2017"]
[Source "ChessBase"]
[SourceDate "2016.10.25"]
[SourceVersion "1"]
[SourceVersionDate "2016.10.25"]
[SourceQuality "1"]

1. e4 c5 2. Nf3 d6 3. d4 cxd4 4. Nxd4 Nf6 5. Nc3 g6 6. Be2 Bg7 7. Be3 Nc6 8. 0-0 0-0 9. f4 Be6 10. f5 Bd7 11. fxg6 hxg6 12. Qd2 Ne5 13. Rad1 Rc8 14. Nf3 Nfg4 15. Nxe5 Bxe5 16. Bxg4 Bxg4 17. Rde1 Rc4 18. Qd3 Be6 19. Nd5 Bxd5 20. exd5 Qc8 21. c3 Kg7 22. Bd4 Bxd4+ 23. cxd4 Rc7 24. Qf3 Qd7 25. Re4 f5 26. Re6 Rf6 27. Rfe1 Rxe6 28. dxe6 Qc6 29. Qe3 Qd5 30. h4 Rc2 31. Qg3 Qxd4+ 32. Kh1 Qf2 33. Qxf2 Rxf2 34. g4 Rxb2 35. g5 Rb4 0-1

[Event "Mallorca-chC"]
[Site "Palma de Mallorca"]
[Date "2011.11.06"]
[Round "3"]
[White "Oliver Amengual, Adria"]
[Black "Nadal Bestard, Sebastian"]
[Result "1-0"]
[WhiteElo "1893"]
[BlackElo "1814"]
[PlyCount "175"]
[EventDate "2011.10.29"]
[EventType "swiss"]
[EventRounds "8"]
[EventCountry "ESP"]
[SourceTitle "EXT 2017"]
[Source "ChessBase"]
[SourceDate "2016.10.25"]
[SourceVersion "1"]
[SourceVersionDate "2016.10.25"]
[SourceQuality "1"]

1. e4 e5 2. Nf3 d6 3. d4 exd4 4. Nxd4 Nf6 5. Nc3 Be7 6. Be2 0-0 7. 0-0 Nbd7 8. f4 Nc5 9. Bf3 c6 10. Kh1 a5 11. Qe1 Qc7 12. Qg3 Re8 13. e5 Nfd7 14. Nf5 g6 15. Nxd6 Bxd6 16. exd6 Qxd6 17. b3 Nf6 18. Rd1 Qe6 19. Bb2 Qf5 20. Rd2 a4 21. bxa4 Nxa4 22. Nxa4 Rxa4 23. Qh4 Rxf4 24. Qh6 Rb4 25. Bd4 c5 26. Bc3 Rc4 27. Bb2 Rb4 28. Bc3 Ra4 29. h3 Qf4 30. Qxf4 Rxf4 31. Rad1 Bxh3 32. Bxb7 Be6 33. g3 Rf5 34. a4 Ng4 35. Ra1 Ne3 36. a5 Bd5+ 37. Bxd5 Nxd5 38. Bb2 c4 39. Bd4 Rf3 40. Kg2 c3 41. Rf2 Rxf2+ 42. Kxf2 Nb4 43. Bxc3 Nxc2 44. Ra2 Ne3 45. Bd4 Ng4+ 46. Kf3 Ne5+ 47. Kf2 Nd3+ 48. Kf3 Ne5+ 49. Kg2 Nc6 50. Bb6 Ra8 51. Kf3 Kf8 52. Rc2 Rc8 53. Kf4 f6 54. g4 Ke7 55. Rh2 g5+ 56. Kf5 Rh8 57. Rh6 Nb8 58. Rxf6 h5 59. gxh5 Rxh5 60. Rg6 Kd7 61. Kg4 Rh1 62. Kxg5 Rf1 63. Rg8 Nc6 64. a6 Ra1 65. a7 Nxa7 66. Bxa7 Ra2 67. Kf4 Kc6 68. Be3 Ra4+ 69. Kf3 Kd7 70. Rg6 Rc4 71. Bf4 Ke7 72. Kg4 Kf7 73. Ra6 Rc2 74. Kf5 Rc5+ 75. Be5 Rc8 76. Ra7+ Kf8 77. Ke6 Rc1 78. Rh7 Rc6+ 79. Bd6+ Kg8 80. Ra7 Kh8 81. Rf7 Kg8 82. Rf1 Rc4 83. Rg1+ Kh7 84. Kf6 Rh4 85. Rg7+ Kh8 86. Be5 Rf4+ 87. Ke7 Rf6 88. Rg6 1-0

[Event "Mallorca-chC"]
[Site "Palma de Mallorca"]
[Date "2011.10.29"]
[Round "1"]
[White "Oliver Amengual, Adria"]
[Black "Carranza Pons, Ricardo Nelson"]
[Result "1-0"]
[WhiteElo "1893"]
[BlackElo "1794"]
[PlyCount "71"]
[EventDate "2011.10.29"]
[EventType "swiss"]
[EventRounds "8"]
[EventCountry "ESP"]
[SourceTitle "EXT 2017"]
[Source "ChessBase"]
[SourceDate "2016.10.25"]
[SourceVersion "1"]
[SourceVersionDate "2016.10.25"]
[SourceQuality "1"]

1. e4 d5 2. exd5 Qxd5 3. Nc3 Qd6 4. d4 Nf6 5. Nf3 c6 6. g3 Bg4 7. Bg2 e6 8. 0-0 Be7 9. Qd3 Bf5 10. Qe2 Qd8 11. Rd1 Bg4 12. h3 Bxf3 13. Bxf3 Nbd7 14. Ne4 Nxe4 15. Bxe4 Nf6 16. Bg2 0-0 17. c4 Re8 18. b3 Qa5 19. g4 h6 20. a3 Rad8 21. Bb2 Qc7 22. b4 Bd6 23. Re1 Qe7 24. Qe3 g5 25. Qc3 Bf4 26. d5 e5 27. dxc6 bxc6 28. Bxc6 Rf8 29. Rad1 Qe6 30. Bg2 Nd7 31. c5 Nf6 32. b5 Nd5 33. Qc4 Nc7 34. Qxe6 Nxe6 35. c6 Nc7 36. a4 1-0